An introduction to functional grammar

Wedi'i Gadw mewn:
Manylion Llyfryddiaeth
Prif Awdur: Halliday, Michael Alexander Kirkwood (Awdur)
Fformat: Llyfr
Iaith:Saesneg
Cyhoeddwyd: Londres Arnold 2004
Rhifyn:3a. ed
Pynciau:
Tagiau: Ychwanegu Tag
Dim Tagiau, Byddwch y cyntaf i dagio'r cofnod hwn!

MARC

LEADER 00000nam a2200000 a 4500
001 UCK5473
003 CL-VaPUC
008 050805e20040000UK |||||||||||||||||eng|d
020 |a 0340761679 
082 0 4 |a 425  |b HAL  |2 21 
100 0 |a Halliday, Michael Alexander Kirkwood  |e author  |9 461646 
245 1 3 |a An introduction to functional grammar 
250 |a 3a. ed 
300 |a 689 p 
942 |c BK 
945 |d 20050805 00:00:00  |a cmena 
260 |a Londres  |b Arnold  |c 2004 
650 7 |a FUNCIONALISMO  |2 CL-VaPUC  |9 494245 
650 0 |a Gramática  |9 270497 
650 0 |a Lengua inglesa  |9 318842 
650 0 |a Educación lingüística  |9 306506 
583 |a last modification  |c 20050805 00:00:00  |k Rodrigo Vera 
999 |c 313985  |d 313983 
952 |0 0  |1 0  |4 0  |6 425_000000000000000_HAL_2004  |7 0  |8 A  |9 385842  |a FDOPOS  |b FDOPOS  |d 2019-11-22  |i 4151593  |o 425 HAL 2004  |p 4151593  |r 2025-01-22  |w 2019-11-22  |y BK  |k MLA 
952 |0 0  |1 0  |4 0  |6 425_000000000000000_HAL_2004  |7 0  |8 A  |9 385843  |a FDOPOS  |b FDOPOS  |d 2019-11-22  |i 4153219  |o 425 HAL 2004  |p 4153219  |r 2025-01-22  |w 2019-11-22  |y BK  |k MLA 
952 |0 0  |1 0  |4 0  |6 425_000000000000000_HAL_2004  |7 0  |8 A  |9 385844  |a FDOPOS  |b FDOPOS  |d 2019-11-22  |i 4153200  |o 425 HAL 2004  |p 4153200  |r 2025-01-22  |w 2019-11-22  |y BK  |k MLA 
952 |0 0  |1 0  |4 0  |6 425_000000000000000_HAL_2004  |7 0  |8 A  |9 385845  |a FDOPOS  |b FDOPOS  |d 2019-11-22  |i 4153197  |o 425 HAL 2004  |p 4153197  |r 2025-01-22  |w 2019-11-22  |y BK  |k MLA 
952 |0 0  |1 0  |4 0  |6 425_000000000000000_HAL_2004  |7 0  |8 A  |9 385846  |a FDOPOS  |b FDOPOS  |d 2019-11-22  |i 4316088  |o 425 HAL 2004  |p 4316088  |r 2025-01-22  |w 2019-11-22  |y BK  |k MLA